| 000 | 00956nam a22002417a 4500 | ||
|---|---|---|---|
| 005 | 20250805114650.0 | ||
| 008 | 240201b ||||| |||| 00| 0 eng d | ||
| 020 | _a9789393168368 | ||
| 040 | _cAL | ||
| 041 | _aeng | ||
| 082 |
_223 _a575.1 _bSINF |
||
| 100 |
_aB D Singh _9233975 |
||
| 245 | _aFundamentals of Genetics Ed 6 | ||
| 250 | _a6 | ||
| 260 |
_aNew Delhi _bMed Tech Science Press _c2024 |
||
| 300 |
_axxx,702p. _bPB _c24x18cm. |
||
| 365 |
_2Biotechnology _aABID/0745/24 _b521.25 _c₹ _d695.00 _e25% _f25-01-2024 |
||
| 520 | _aFundamentals of Genetics By B.D. Singh, CONTENTS : Section-1. General History, Section-2. Cytology and Cytogenetics, Section-3. Transmission Genetics, Section-4. Molecular Genetics, Section-5. Population and Evolutionary Genetics, Section-5. Glossary and Appendices, Glossary. | ||
| 650 |
_aCytology _9149434 |
||
| 650 |
_aMolecular Genetics _9149435 |
||
| 650 |
_aTransmission Genetics _9149436 |
||
| 942 |
_2ddc _cREF |
||
| 999 |
_c229707 _d229707 |
||